Sports Quiz

Random Sports or NFL Quiz

Superbowl Losing Records Quiz Stats

Quiz not verified by Sporcle

Challenge
Share
Tweet
Embed
Score 0/13 Timer 06:00
0 Plays Today
% Correct
Buffalo Bills
95.6%
Philadelphia Eagles
93.2%
Minnesota Vikings
93.2%
St. Louis Rams
91.2%
Denver Broncos
90.7%
San Diego Chargers
89.3%
Seattle Seahawks
89.3%
Cincinnati Bengals
88.8%
Atlanta Falcons
87.8%
Miami Dolphins
87.3%
Carolina Panthers
86.3%
Arizona Cardinals
86.3%
Tennessee Titans
85.9%

You're not logged in!

Compare scores with friends on all Sporcle quizzes.
Sign Up with Email
OR
Log In

You Might Also Like...

Show Comments

Extras

Top Quizzes Today


Score Distribution

Your Account Isn't Verified!

In order to create a playlist on Sporcle, you need to verify the email address you used during registration. Go to your Sporcle Settings to finish the process.

Report this User

Report this user for behavior that violates our Community Guidelines.

Details: